Bücher aus dem AT - Bibel - Sudden Death - Statistiken

Allgemein
  • Dieses Quiz wurde 71 mal gespielt
  • Das Durchschnittsergebnis liegt bei 19 aus 48
Answers on the Grid
Answers color-coded by a green-red scale on the quiz's grid according to % correct below.
Genesis (1. Mose)
Exodus (2. Mose)
Levitikus (3. Mose)
Numeri (4. Mose)
Deuteronomium (5. Mose)
Josua
Richter
Rut/Ruth
1. Samuel
2. Samuel
1. Könige
2. Könige
1. Chronik
2. Chronik
Esra
Nehemia
Tobit
Judit/Judith
Ester/Esther
1. Makkabäer
2. Makkabäer
3. Makkabäer
4. Makkabäer
Hiob
Psalmen
Sprüche
Kohelet (Prediger)
Hoheslied
Weisheit Salomos
Jesus Sirach (Ecclesiasticus)
Jesaja
Jeremia
Klagelieder
Baruch
Ezechiel
Daniel
Hosea
Joel
Amos
Obadja
Jona
Micha
Nahum
Habakuk
Zefanja
Haggai
Sacharja
Maleachi
Matthäus
Markus
Lukas
Johannes
Apostelgeschichte
Römer
1. Korinther
2. Korinther
Galater
Epheser
Philipper
Kolosser
1. Thessalonicher
2. Thessalonicher
1. Timotheus
2. Timotheus
Titus
Philemon
Hebräer
Jakobus
1. Petrus
2. Petrus
1. Johannes
2. Johannes
3. Johannes
Judas
Offenbarung (Apokalypse)
 
Antwortstatistiken
Antwort % Korrekt
Genesis (1. Mose)
68%
Deuteronomium (5. Mose)
66%
Exodus (2. Mose)
64%
Levitikus (3. Mose)
64%
Numeri (4. Mose)
62%
Rut/Ruth
55%
Ester/Esther
53%
1. Könige
49%
Amos
45%
Hoheslied
45%
Klagelieder
45%
Psalmen
45%
Daniel
43%
Hiob
43%
Richter
43%
Zefanja
43%
Habakuk
40%
Hosea
40%
Jesaja
40%
Judit/Judith
40%
Kohelet (Prediger)
40%
Maleachi
40%
Esra
38%
Jeremia
38%
Jesus Sirach (Ecclesiasticus)
38%
Joel
38%
Jona
38%
Obadja
38%
Sprüche
38%
Weisheit Salomos
38%
2. Könige
36%
Ezechiel
36%
Nehemia
36%
1. Samuel
34%
2. Samuel
34%
Baruch
34%
Haggai
34%
Josua
34%
Nahum
34%
1. Chronik
32%
Sacharja
32%
Tobit
32%
2. Chronik
30%
Micha
30%
1. Makkabäer
28%
3. Makkabäer
26%
2. Makkabäer
23%
4. Makkabäer
21%
Keine übereinstimmenden Quizze gefunden
Verteilung der Resultate
Anzahl Personen mit jedem Resultat
Perzentil nach korrekt beantworteten Fragen
Ihre Resultats-Entwicklung
Sie haben dieses Quiz noch nicht gespielt